| 000 | 00614nam a2200169 i 4500 | ||
|---|---|---|---|
| 001 | 152935 | ||
| 003 | ES-MaACL | ||
| 005 | 20230906204933.0 | ||
| 008 | 030203s1900 sp a |||| | spa d | ||
| 040 |
_aCCPB | B _bspa _cCCPB | B |
||
| 245 | 0 | 0 |
_aCales y cementos J. A. Pavin de Lafarge _b: cemento artificial Vicat. |
| 260 |
_aMadrid : _bEst. Tipográfico Hijos de J. A. García, _c[s.a.] |
||
| 300 |
_a55 p. : _bil. ; _c30 cm. |
||
| 596 | _aEn p. 7 consta el año 1900. | ||
| 650 | 4 |
_aCemento. _910875 |
|
| 852 |
_aES-MaACL _jT-1051-F-3 _z-- Enc. hol. conservando la cub. original _z-- Enc. en un vol. facticio |
||
| 999 |
_c152935 _d152935 |
||